| Tag |
First Indicator |
Second Indicator |
Subfields |
| LEADER |
00000cam a2200000Ia 4500 |
| 001 |
in00002575231 |
| 005 |
20210717063108.0 |
| 008 |
100513s2010 enk 000 0 eng d |
| 019 |
|
|
|a 491927086
|
| 020 |
|
|
|a 9780199229123
|
| 020 |
|
|
|a 0199229120
|
| 029 |
1 |
|
|a CDX
|b 10463937
|
| 029 |
1 |
|
|a HEBIS
|b 221677275
|
| 035 |
|
|
|a (OCoLC)ocn613983191
|
| 035 |
|
|
|a (OCoLC)613983191
|
| 040 |
|
|
|a EQF
|c EQF
|d BTCTA
|d ERASA
|d YDXCP
|d BWK
|d NLE
|d CDX
|d BWX
|d TEF
|d EUX
|d UtOrBLW
|
| 049 |
|
|
|a TXAM
|
| 050 |
|
4 |
|a PR255
|b .O85 2010
|
| 082 |
0 |
4 |
|a 820.9
|
| 245 |
0 |
4 |
|a The Oxford handbook of medieval literature in English /
|c edited by Elaine Treharne and Greg Walker with the assistance of William Green.
|
| 264 |
|
1 |
|a Oxford :
|b Oxford University Press,
|c 2010.
|
| 300 |
|
|
|a xiii, 774 pages ;
|c 26 cm.
|
| 336 |
|
|
|a text
|b txt
|2 rdacontent
|
| 337 |
|
|
|a unmediated
|b n
|2 rdamedia
|
| 338 |
|
|
|a volume
|b nc
|2 rdacarrier
|
| 520 |
|
|
|a The study of medieval literature has experienced a revolution in the last two decades, which has reinvigorated many parts of the discipline and changed the shape of the subject in relation to the scholarship of the previous generation. 'New' texts (laws and penitentials, women's writing, drama records), innovative fields and objects of study (the history of the book, the study of space and the body, medieval masculinities), and original ways of studying them (the Sociology of the Text, performance studies) have emerged. This has brought fresh vigour and impetus to medieval studies, and impacted significantly on cognate periods and areas. The Oxford Handbook of Medieval Literature in English brings together the insights of these new fields and approaches with those of more familiar texts and methods of study, to provide a comprehensive overview of the state of medieval literature today. It also returns to first principles in posing fundamental questions about the nature, scope, and significance of the discipline, and the directions that it might take in the next decade.
|
| 650 |
|
0 |
|a English literature
|y Middle English, 1100-1500
|x History and criticism.
|
| 650 |
|
0 |
|a Literature, Medieval
|x History and criticism.
|
| 700 |
1 |
|
|a Treharne, Elaine.
|
| 700 |
1 |
|
|a Walker, Greg.
|
| 700 |
1 |
|
|a Green, William.
|
| 938 |
|
|
|a Baker and Taylor
|b BTCP
|n BK0008698047
|
| 938 |
|
|
|a Erasmus Boekhandel
|b ERAA
|n NTS0000109003
|
| 938 |
|
|
|a YBP Library Services
|b YANK
|n 3206229
|
| 938 |
|
|
|a Blackwell Book Service UK
|b BBUK
|n L2844939
|c 85.00
|
| 938 |
|
|
|a Coutts Information Services
|b COUT
|n 10463937
|
| 938 |
|
|
|a Blackwell Book Service
|b BBUS
|n R4849492
|c $150.00
|
| 945 |
|
|
|a PromptCat
|b 19912
|
| 946 |
|
|
|a stk
|
| 947 |
|
|
|a A14840187378
|
| 994 |
|
|
|a 92
|b TXA
|
| 948 |
|
|
|a Cataloged
|b h
|c 2010/7/9
|d c
|e ibarton
|
| 999 |
|
|
|a MARS
|
| 999 |
f |
f |
|s e9c6dba3-73db-3349-ae42-c3c1f6aadd19
|i 0289c3e6-991b-300a-b205-6228f6cbf5b6
|t 0
|
| 952 |
f |
f |
|p normal
|a Texas A&M University
|b College Station
|c Sterling C. Evans Library
|d Evans: Library Stacks
|t 0
|e PR255 .O85 2010
|h Library of Congress classification
|i unmediated -- volume
|m A14840187378
|
| 998 |
f |
f |
|a PR255 .O85 2010
|t 0
|l Evans: Library Stacks
|